00364nam a2200121Ia 45000030006000000080041000060400015000471000057000622450085001192600009002045460012002130050017002250STCL150530s9999 xx 000 0 und d aSTCLcSTCL aMinistry of food and Agriculture,Government of India aReport of the Indian delegatpon to China or Agricultural Planning and Techniques c1956 aEnglish20220125165725.0